000 00451nam a22001571a 4500
020 _a9780195664201
082 _a294.592 3
_bHIL/R
100 _aAlf Hiltebeitel
245 _aRethinking the Mahabharata:
_b a reader's guide to the education of the dharma king/
_cby Alf Hiltebeitel.
260 _aNew Delhi:
_bOxford University Press,
_c2002.
300 _a365p.
650 _aMahabharata
650 _aHinduism
650 _aReligion
942 _cBK
999 _c38256
_d38256